[Event "Medellin Castro Memorial op-B 31st"]
[Site "Medellin"]
[Date "2024.08.10"]
[Round "6"]
[White "Ramirez, Juan E"]
[Black "Zapata Urrego, Camilo"]
[Result "1-0"]
[WhiteElo "1749"]
[BlackElo "1473"]
[PlyCount "37"]
[EventDate "2024.08.07"]
[EventType "swiss"]
[EventRounds "9"]
[EventCountry "COL"]
[SourceTitle "CBM 221 Extra"]
[Source "ChessBase"]
[SourceDate "2024.09.30"]
[SourceVersion "1"]
[SourceVersionDate "2024.09.30"]
[SourceQuality "1"]

1. Nf3 d5 2. g3 Nf6 3. Bg2 Bf5 4. d3 h6 5. 0-0 e6 6. Nbd2 c6 7. b3 Be7 8. Bb2 0-0 9. Re1 Re8 10. e4 dxe4 11. dxe4 Bh7 12. Qe2 Nbd7 13. Rad1 Qc7 14. e5 Nd5 15. Ne4 Nc5 16. Nd6 Bxd6 17. exd6 Qxd6 18. c4 Bd3 19. Rxd3 1-0

[Event "Medellin Castro Memorial op-B 31st"]
[Site "Medellin"]
[Date "2024.08.09"]
[Round "5"]
[White "Velez Torres, Sebastian"]
[Black "Ramirez, Juan E"]
[Result "1-0"]
[WhiteElo "1582"]
[BlackElo "1749"]
[PlyCount "63"]
[EventDate "2024.08.07"]
[EventType "swiss"]
[EventRounds "9"]
[EventCountry "COL"]
[SourceTitle "CBM 221 Extra"]
[Source "ChessBase"]
[SourceDate "2024.09.30"]
[SourceVersion "1"]
[SourceVersionDate "2024.09.30"]
[SourceQuality "1"]

1. d4 Nf6 2. Bf4 d5 3. c4 c6 4. e3 e6 5. Nc3 Qa5 6. a3 Ne4 7. Qb3 Nxc3 8. bxc3 Be7 9. Nf3 0-0 10. Bd3 dxc4 11. Bxc4 b5 12. Bd3 Nd7 13. 0-0 Ba6 14. a4 Qb6 15. axb5 cxb5 16. Rfb1 Nf6 17. Bxb5 Bxb5 18. Qxb5 Qxb5 19. Rxb5 Nd5 20. Rb7 a5 21. c4 Nxf4 22. Rxe7 Ne2+ 23. Kf1 Nc3 24. Rb7 Rfc8 25. c5 a4 26. Ra3 Nd5 27. Nd2 e5 28. Nc4 exd4 29. exd4 Re8 30. Nd6 Re7 31. Rxe7 Nxe7 32. c6 1-0

[Event "Sabaneta op-B 2nd"]
[Site "Sabaneta Antioquia"]
[Date "2023.06.29"]
[Round "2"]
[White "Alvarez, Juan P"]
[Black "Ramirez, Juan E"]
[Result "1-0"]
[WhiteElo "1952"]
[BlackElo "1582"]
[PlyCount "45"]
[EventDate "2023.06.28"]
[EventType "swiss"]
[EventRounds "9"]
[EventCountry "COL"]
[SourceTitle "EXT 2024"]
[Source "ChessBase"]
[SourceDate "2023.10.10"]
[SourceVersion "1"]
[SourceVersionDate "2023.10.10"]
[SourceQuality "1"]

1. e4 c5 2. Nf3 d6 3. d4 cxd4 4. Nxd4 Nf6 5. Nc3 a6 6. Bg5 e6 7. f4 Be7 8. Qf3 Nbd7 9. 0-0-0 h6 10. Bh4 g5 11. fxg5 Ne5 12. gxf6 Nxf3 13. fxe7 Qb6 14. gxf3 Bd7 15. e5 d5 16. Nf5 exf5 17. Nxd5 Qa5 18. Nf6+ Kxe7 19. Rxd7+ Ke6 20. Bc4+ Kxe5 21. f4+ Kxf4 22. Re7 Kf3 23. Re2 1-0

[Event "Medellin Antioquia-ch"]
[Site "Medellin"]
[Date "2023.04.20"]
[Round "3"]
[White "Ramirez, Juan E"]
[Black "Ferrer, Carlos Mario"]
[Result "1-0"]
[WhiteElo "1462"]
[BlackElo "1429"]
[PlyCount "21"]
[EventDate "2023.04.18"]
[EventType "swiss"]
[EventRounds "7"]
[EventCountry "COL"]
[SourceTitle "EXT 2024"]
[Source "ChessBase"]
[SourceDate "2023.10.10"]
[SourceVersion "1"]
[SourceVersionDate "2023.10.10"]
[SourceQuality "1"]

1. e4 e5 2. Nf3 Nc6 3. Bb5 Nge7 4. c3 a6 5. Ba4 b5 6. Bb3 d6 7. 0-0 g6 8. d3 Bg7 9. Nbd2 0-0 10. a4 a5 11. axb5 1-0

[Event "Medellin Easter op 11th"]
[Site "Medellin"]
[Date "2023.04.09"]
[Round "6"]
[White "Ramirez, Juan E"]
[Black "Perez Arroyave, Damian"]
[Result "1-0"]
[WhiteElo "1462"]
[BlackElo "1806"]
[PlyCount "29"]
[EventDate "2023.04.05"]
[EventType "swiss"]
[EventRounds "7"]
[EventCountry "COL"]
[SourceTitle "CBM 213 Extra"]
[Source "ChessBase"]
[SourceDate "2023.05.31"]
[SourceVersion "1"]
[SourceVersionDate "2023.05.31"]
[SourceQuality "1"]

1. e4 e5 2. Nf3 Nc6 3. Bb5 f5 4. d3 fxe4 5. dxe4 Nf6 6. Nc3 Bc5 7. Bg5 0-0 8. Bxf6 Bxf2+ 9. Kxf2 Qxf6 10. Rf1 Nd4 11. Bc4+ Kh8 12. Kg1 Nxf3+ 13. Rxf3 Qe7 14. Rxf8+ Qxf8 15. Qd5 1-0

[Event "Sabaneta op-B 1st"]
[Site "Sabaneta"]
[Date "2022.11.26"]
[Round "2"]
[White "Ortiz Lopera, Miguel Angel"]
[Black "Ramirez, Juan E"]
[Result "1-0"]
[WhiteElo "1815"]
[BlackElo "1484"]
[PlyCount "55"]
[EventDate "2022.11.25"]
[EventType "swiss"]
[EventRounds "8"]
[EventCountry "COL"]
[SourceTitle "CBM 211 Extra"]
[Source "ChessBase"]
[SourceDate "2023.01.31"]
[SourceVersion "1"]
[SourceVersionDate "2023.01.31"]
[SourceQuality "1"]

1. e4 c5 2. Nf3 d6 3. d4 cxd4 4. Nxd4 Nf6 5. Nc3 a6 6. h3 e5 7. Nde2 Be7 8. g4 h6 9. Bg2 Be6 10. Be3 b5 11. 0-0 Nbd7 12. Nd5 Bxd5 13. exd5 Qc7 14. f4 Rc8 15. Rc1 exf4 16. Bxf4 0-0 17. Ng3 Qc5+ 18. Kh1 Rfe8 19. Nf5 Bf8 20. Qd2 Ne4 21. Qd4 Ndf6 22. Qxc5 Rxc5 23. Ng3 Rxd5 24. Nxe4 Nxe4 25. Rce1 f5 26. gxf5 Nf2+ 27. Kh2 Rxe1 28. Bxd5+ 1-0

[Event "Medellin Luces op"]
[Site "Medellin"]
[Date "2020.12.12"]
[Round "2"]
[White "Ramirez, Juan E"]
[Black "Ospina Castro, Santiago"]
[Result "0-1"]
[WhiteElo "1511"]
[BlackElo "1945"]
[PlyCount "78"]
[EventDate "2020.12.12"]
[EventType "swiss"]
[EventRounds "7"]
[EventCountry "COL"]
[SourceTitle "CBM 199 Extra"]
[Source "ChessBase"]
[SourceDate "2021.01.31"]
[SourceVersion "1"]
[SourceVersionDate "2021.01.31"]
[SourceQuality "1"]

1. e4 e6 2. d3 d5 3. Nd2 Nc6 4. Ngf3 Nf6 5. g3 dxe4 6. dxe4 e5 7. Bg2 Bc5 8. 0-0 0-0 9. c3 a5 10. h3 Qe7 11. Qe2 b6 12. Nb3 Ba6 13. c4 Nd7 14. Nxc5 Nxc5 15. b3 Ne6 16. Bb2 f6 17. Rfd1 Rad8 18. Rac1 a4 19. h4 Bc8 20. Qe3 Rxd1+ 21. Rxd1 Rd8 22. Rd5 Nb4 23. Rxd8+ Qxd8 24. a3 Nc2 25. Qd2 axb3 26. Qxd8+ Nxd8 27. Nd2 Be6 28. Bf1 Nd4 29. Bxd4 exd4 30. Nxb3 c5 31. Bd3 Nb7 32. Kf1 b5 33. Nd2 Nd6 34. cxb5 c4 35. Bc2 Nxb5 36. a4 Na3 37. a5 Bc8 38. Nxc4 Nxc4 39. Bb3 Ba6 0-1

[Event "Medellin Aristizabal Cup"]
[Site "Medellin"]
[Date "2020.02.01"]
[Round "5"]
[White "Ramirez, Juan E"]
[Black "Restrepo, Hugo"]
[Result "1-0"]
[WhiteElo "1639"]
[BlackElo "1687"]
[PlyCount "69"]
[EventDate "2020.01.29"]
[EventType "swiss"]
[EventRounds "7"]
[EventCountry "COL"]
[SourceTitle "CBM 194 Extra"]
[Source "ChessBase"]
[SourceDate "2020.03.31"]
[SourceVersion "1"]
[SourceVersionDate "2020.03.31"]
[SourceQuality "1"]

1. Nf3 d5 2. d3 Nf6 3. Nbd2 Bg4 4. g3 e6 5. Bg2 c5 6. e4 Nc6 7. 0-0 Be7 8. c3 0-0 9. Qe2 Bh5 10. Re1 Rc8 11. Nf1 c4 12. e5 cxd3 13. Qxd3 Nd7 14. Bf4 g5 15. Bd2 g4 16. Nd4 Ncxe5 17. Qe2 Bc5 18. Bh6 Re8 19. Rad1 Qf6 20. Bf4 Bxd4 21. cxd4 Nf3+ 22. Bxf3 gxf3 23. Qd2 Qf5 24. Ne3 Qh3 25. Qd3 Bg6 26. Qf1 Qh5 27. g4 Qh4 28. Bg3 Qf6 29. h4 Be4 30. Qb5 Nb6 31. g5 Qd8 32. Ng4 Nd7 33. Qxd7 Qxd7 34. Nf6+ Kg7 35. Nxd7 1-0

[Event "Medellin Amateur op"]
[Site "Medellin"]
[Date "2011.04.24"]
[Round "9.5"]
[White "Ramirez, Juan E"]
[Black "Vasquez Ayola, John"]
[Result "0-1"]
[WhiteElo "1686"]
[BlackElo "1768"]
[PlyCount "66"]
[EventDate "2011.04.20"]
[EventType "swiss"]
[EventRounds "9"]
[EventCountry "COL"]
[SourceTitle "EXT 2024"]
[Source "ChessBase"]
[SourceDate "2023.10.10"]
[SourceVersion "1"]
[SourceVersionDate "2023.10.10"]
[SourceQuality "1"]

1. e4 c6 2. d4 d5 3. Nc3 dxe4 4. Nxe4 Nd7 5. Nf3 Ngf6 6. Bd3 Nxe4 7. Bxe4 Nf6 8. Bd3 Bg4 9. c3 e6 10. 0-0 Bd6 11. Bg5 Qc7 12. h3 Bh5 13. Be2 0-0-0 14. Ne5 h6 15. Bf4 Bxe2 16. Qxe2 Nd5 17. Bg3 f6 18. c4 fxe5 19. cxd5 exd5 20. dxe5 Bc5 21. Kh2 Rde8 22. a3 Re6 23. f4 g6 24. b4 Bb6 25. Rac1 Qg7 26. Qg4 Rhe8 27. f5 h5 28. f6 Qf7 29. Qf3 Bc7 30. b5 Kd7 31. bxc6+ bxc6 32. Qc3 h4 33. Bf4 g5 0-1